000 00456nam a2200133 a 4500
008 120416s1968 ||||||||||||||||| || u
050 _aHB 74.M3 Wal
100 _aWalters, A.A
245 1 3 _aAn introduction to econometrics
260 _aLondon
_bMacmillan
_c1968
300 _a377p.
350 _a0.00
995 _D0.00
_FCBU-MAIN LIBRARY (Kitwe)
_H1
_I0.00
_UAVAILABLE
_ZAnnex Low-Usage Collection
999 _c47705
_d47705